000 00494nam a2200193Ia 4500
005 20250508151715.0
008 008 250505s9999 xx 000 0 eng d
037 _aTextual
040 _aFEDL
_beng
_cFEDL
041 _aeng
_2eng
084 _aB, GAN
_qFEDL
100 _aGandhi M K
245 0 _aMy religion
260 _aAhmedabad, India
_bNavajivan Publishing House
_c1955
300 _a168p.
365 _aINR
_b2.5
942 _cTEXL
_hB, GAN
999 _c1331585
_d1331585